Corpi che parlano : il nudo nella letteratura italiana del Novecento /
Saved in:
| Hovedforfatter: | |
|---|---|
| Format: | Bog |
| Sprog: | italiensk |
| Udgivet: |
Milano :
B. Mondadori,
[2005]
|
| Serier: | Testi e pretesti
|
| Fag: | |
| Tags: |
Ingen Tags, Vær først til at tagge denne postø!
|
MARC
| LEADER | 00000nam a22000007i 4500 | ||
|---|---|---|---|
| 001 | IT\ICCU\RAV\1329074 | ||
| 003 | ItRI | ||
| 005 | 20260115231910.0 | ||
| 008 | 050503s2005 it |||||| ||||| |||||c | ||
| 020 | |a 8842498432 | ||
| 040 | |b ita |c importazione bologna sebina | ||
| 041 | 7 | |a ita |2 ISO-639-2 | |
| 082 | |a 850.9 |9 LETTERATURA ITALIANA. Storia, descrizione, studio critico |2 21 | ||
| 100 | 1 | |a Bazzocchi, Marco Antonio |0 IT\ICCU\RAVV\080965 |4 aut | |
| 245 | 1 | 0 | |a Corpi che parlano : |b il nudo nella letteratura italiana del Novecento / |c Marco Antonio Bazzocchi. |
| 260 | |a Milano : |b B. Mondadori, |c [2005] | ||
| 300 | |a VI, 215 p. ; |c 17 cm. | ||
| 650 | 7 | |a Corpo umano nella letteratura italiana |x Sec. 20. |2 scbi | |
| 790 | 1 | |a Bazzocchi, Marco A. |3 IT\ICCU\CFIV\323117 |z Bazzocchi, Marco Antonio | |
| 830 | 0 | |a Testi e pretesti |0 IT\ICCU\PUV\0288298 | |
| 942 | |2 ddc |c BK |n 0 | ||
| 952 | |0 0 |1 0 |4 0 |6 DOC_850_936000000000000_BAZ |7 0 |9 15765 |a BO |b BO |d 2026-01-15 |i 10784 |l 0 |o DOC 850.936 BAZ |p BO10784 |r 2026-01-15 23:19:10 |w 2026-01-15 |x [Sebina 5] [1 v.] |y BK |z 1 v. | ||
| 999 | |c 13564 |d 13564 | ||